Club de foot par classement UEFA - Statistiques

Statistiques générales
  • Ce quiz a été pris 4 056 fois
  • Le résultat moyen est 32 sur 50
Statistiques - réponses
Classement UEFA Pays Club % Correct
1 Espagne Real Madrid
100%
2 Espagne Barcelone
99%
3 Allemagne Bayern Munich
99%
14 Angleterre Manchester City
98%
5 Angleterre Manchester United
98%
18 France Olympique Lyonnais
97%
11 France Paris Saint-Germain
97%
7 Italie Juventus
95%
4 Espagne Atletico Madrid
94%
22 Italie Inter Milan
94%
16 Italie AC Milan
93%
6 Angleterre Chelsea
92%
29 France Olympique de Marseille
92%
8 Portugal Porto
92%
10 Portugal Benfica
90%
9 Angleterre Arsenal
88%
17 Allemagne Borussia Dortmund
88%
15 Angleterre Liverpool
88%
21 Pays-Bas Ajax Amsterdam
80%
13 Espagne Seville
79%
34 Portugal Sporting Club du Portugal
69%
26 Ukraine Dynamo Kiev
68%
28 Italie Naples
66%
27 Russie CSKA Moscou
65%
25 Angleterre Tottenham
64%
32 Italie AS Rome
63%
41 Turquie Galatasaray
61%
35 Pays-Bas PSV Eindhoven
61%
24 Espagne Valence
55%
31 Allemagne Bayer Leverkusen
54%
44 Italie Lazio Rome
54%
45 Ecosse Celtic Glasgow
52%
33 Espagne Villarreal
49%
40 Espagne Athletic Club Bilbao
46%
19 Russie Zenith Saint-Petersbourg
45%
36 Belgique Anderlecht
44%
23 Suisse FC Bale
44%
30 Grece Olympiakos
42%
50 Belgique Bruges
41%
39 Portugal Braga
39%
37 Turquie Besiktas
38%
48 Turquie Fenerbahce
37%
38 Italie Fiorentina
34%
43 Danemark Copenhague
33%
42 Autriche RB Salzbourg
32%
20 Allemagne Schalke 04
30%
49 Roumanie Steaua Bucarest
27%
46 Allemagne Wolfsburg
27%
12 Ukraine Shakhtar Donetsk
24%
47 Russie Rubin
5%
Aucun quiz correspondant
Distribution des résultats
% des personnes avec chaque résultat
Percentile par nombre de réponses
Votre historique - résultats
Vous n’avez pas pris ce quiz